Grandes procesos: mis alegatos

محفوظ في:
التفاصيل البيبلوغرافية
المؤلف الرئيسي: Novoa Monreal, Eduardo (autor)
التنسيق: كتاب
اللغة:الإسبانية
منشور في: Santiago Jurídica de Chile 2011
الطبعة:1a. ed
الموضوعات:
الوسوم: إضافة وسم
لا توجد وسوم, كن أول من يضع وسما على هذه التسجيلة!

MARC

LEADER 00000cam a2200000 a 4500
001 UCG9651
003 CL-VaPUC
008 120323e20111100CL |||||||||||||||||spa|d
020 |a 9789561021532 
082 0 4 |a 347.839  |b NOV  |2 21 
100 |a Novoa Monreal, Eduardo  |e autor  |9 499707 
245 1 0 |a Grandes procesos: mis alegatos 
250 |a 1a. ed 
300 |a 224 p 
942 |c BK 
945 |d 20120323 00:00:00  |a dcastane 
260 |a Santiago  |b Jurídica de Chile  |c 2011 
650 0 |a Alegatos  |9 403776 
650 0 |a Derecho procesal penal  |9 255496 
650 0 |a Negociación  |9 307187 
650 7 |a PROCEDIMIENTO JUDICIAL  |2 CL-VaPUC  |9 561276 
583 |a last modification  |c 20120323 11:52:00  |k Rodrigo Vera 
999 |c 347197  |d 347195 
952 |0 0  |1 0  |4 0  |6 347_839000000000000_NOV_2011  |7 0  |8 A  |9 448373  |a BIBDER  |b BIBDER  |d 2019-11-22  |i 4834666  |o 347.839 NOV 2011  |p 4834666  |r 2023-01-25  |w 2019-11-22  |y BK  |k DER